<?xml version="1.0" encoding="UTF-8"?>
<record
    xmlns:xsi="http://www.w3.org/2001/XMLSchema-instance"
    xsi:schemaLocation="http://www.loc.gov/MARC21/slim http://www.loc.gov/standards/marcxml/schema/MARC21slim.xsd"
    xmlns="http://www.loc.gov/MARC21/slim">

  <leader>00461nam a2200157Ia 4500</leader>
  <controlfield tag="005">20240620154439.0</controlfield>
  <controlfield tag="008">240126s9999    xx            000 0 und d</controlfield>
  <datafield tag="020" ind1=" " ind2=" ">
    <subfield code="a">9781786466457</subfield>
  </datafield>
  <datafield tag="082" ind1=" " ind2=" ">
    <subfield code="a">006.312  WAL;1  R</subfield>
  </datafield>
  <datafield tag="100" ind1=" " ind2=" ">
    <subfield code="a">Walkowiak, Simon.</subfield>
  </datafield>
  <datafield tag="245" ind1=" " ind2="0">
    <subfield code="a">Big data analytics with R : leverage R programming to uncover hidden patterns in your big data</subfield>
  </datafield>
  <datafield tag="260" ind1=" " ind2=" ">
    <subfield code="b">Packt Publisher</subfield>
    <subfield code="a">Birmingham</subfield>
    <subfield code="c">2016</subfield>
  </datafield>
  <datafield tag="300" ind1=" " ind2=" ">
    <subfield code="a">v, 489</subfield>
  </datafield>
  <datafield tag="440" ind1=" " ind2=" ">
    <subfield code="a">NULL</subfield>
  </datafield>
  <datafield tag="942" ind1=" " ind2=" ">
    <subfield code="c">PU</subfield>
  </datafield>
  <datafield tag="999" ind1=" " ind2=" ">
    <subfield code="c">285487</subfield>
    <subfield code="d">285487</subfield>
  </datafield>
  <datafield tag="952" ind1=" " ind2=" ">
    <subfield code="r">2024-01-26 00:00:00</subfield>
    <subfield code="l">0</subfield>
    <subfield code="o">006.312  WAL;1  R</subfield>
    <subfield code="p">PU9134</subfield>
    <subfield code="h">(08/07/1905)</subfield>
    <subfield code="v">1049.25</subfield>
    <subfield code="w">2024-01-26</subfield>
    <subfield code="y">PU</subfield>
    <subfield code="1">0</subfield>
    <subfield code="4">0</subfield>
    <subfield code="7">0</subfield>
    <subfield code="8">CL</subfield>
    <subfield code="0">0</subfield>
    <subfield code="K">BA/2018/CR/0001490</subfield>
    <subfield code="a">ML</subfield>
    <subfield code="b">ML</subfield>
    <subfield code="c">CL</subfield>
    <subfield code="d">2018-09-07</subfield>
    <subfield code="e">Allied</subfield>
    <subfield code="g">1399.00</subfield>
    <subfield code="E">EE</subfield>
    <subfield code="G">RS</subfield>
    <subfield code="F">1</subfield>
    <subfield code="V">349.75</subfield>
    <subfield code="U">Rupees</subfield>
  </datafield>
  <datafield tag="952" ind1=" " ind2=" ">
    <subfield code="r">2024-01-26 00:00:00</subfield>
    <subfield code="l">0</subfield>
    <subfield code="o">006.312  WAL;2  R1</subfield>
    <subfield code="p">PU9135</subfield>
    <subfield code="h">(08/07/1905)</subfield>
    <subfield code="v">1049.25</subfield>
    <subfield code="w">2024-01-26</subfield>
    <subfield code="y">PU</subfield>
    <subfield code="1">0</subfield>
    <subfield code="4">0</subfield>
    <subfield code="7">0</subfield>
    <subfield code="8">CL</subfield>
    <subfield code="0">0</subfield>
    <subfield code="K">BA/2018/CR/0001490</subfield>
    <subfield code="a">ML</subfield>
    <subfield code="b">ML</subfield>
    <subfield code="c">CL</subfield>
    <subfield code="d">2018-09-07</subfield>
    <subfield code="e">Allied</subfield>
    <subfield code="g">1399.00</subfield>
    <subfield code="E">EE</subfield>
    <subfield code="G">RS</subfield>
    <subfield code="F">1</subfield>
    <subfield code="V">349.75</subfield>
    <subfield code="U">Rupees</subfield>
  </datafield>
  <datafield tag="952" ind1=" " ind2=" ">
    <subfield code="r">2024-09-30 00:00:00</subfield>
    <subfield code="l">1</subfield>
    <subfield code="m">3</subfield>
    <subfield code="o">006.312  WAL;3</subfield>
    <subfield code="p">PU9136</subfield>
    <subfield code="h">(08/07/1905)</subfield>
    <subfield code="s">2024-07-29</subfield>
    <subfield code="v">1049.25</subfield>
    <subfield code="w">2024-01-26</subfield>
    <subfield code="y">PU</subfield>
    <subfield code="1">0</subfield>
    <subfield code="4">0</subfield>
    <subfield code="7">0</subfield>
    <subfield code="8">CL</subfield>
    <subfield code="0">0</subfield>
    <subfield code="K">BA/2018/CR/0001490</subfield>
    <subfield code="a">ML</subfield>
    <subfield code="b">ML</subfield>
    <subfield code="c">CL</subfield>
    <subfield code="d">2018-09-07</subfield>
    <subfield code="e">Allied</subfield>
    <subfield code="g">1399.00</subfield>
    <subfield code="E">EE</subfield>
    <subfield code="G">RS</subfield>
    <subfield code="F">1</subfield>
    <subfield code="V">349.75</subfield>
    <subfield code="U">Rupees</subfield>
  </datafield>
  <datafield tag="952" ind1=" " ind2=" ">
    <subfield code="r">2024-08-26 00:00:00</subfield>
    <subfield code="l">2</subfield>
    <subfield code="o">006.312  WAL;4</subfield>
    <subfield code="p">PU9137</subfield>
    <subfield code="h">(08/07/1905)</subfield>
    <subfield code="s">2024-08-09</subfield>
    <subfield code="v">1049.25</subfield>
    <subfield code="w">2024-01-26</subfield>
    <subfield code="y">PU</subfield>
    <subfield code="1">0</subfield>
    <subfield code="4">0</subfield>
    <subfield code="7">0</subfield>
    <subfield code="8">CL</subfield>
    <subfield code="0">0</subfield>
    <subfield code="K">BA/2018/CR/0001490</subfield>
    <subfield code="a">ML</subfield>
    <subfield code="b">ML</subfield>
    <subfield code="c">CL</subfield>
    <subfield code="d">2018-09-07</subfield>
    <subfield code="e">Allied</subfield>
    <subfield code="g">1399.00</subfield>
    <subfield code="E">EE</subfield>
    <subfield code="G">RS</subfield>
    <subfield code="F">1</subfield>
    <subfield code="V">349.75</subfield>
    <subfield code="U">Rupees</subfield>
  </datafield>
  <datafield tag="952" ind1=" " ind2=" ">
    <subfield code="r">2024-01-26 00:00:00</subfield>
    <subfield code="l">0</subfield>
    <subfield code="o">006.312  WAL;5</subfield>
    <subfield code="p">PU9138</subfield>
    <subfield code="h">(08/07/1905)</subfield>
    <subfield code="v">1049.25</subfield>
    <subfield code="w">2024-01-26</subfield>
    <subfield code="y">PU</subfield>
    <subfield code="1">0</subfield>
    <subfield code="4">0</subfield>
    <subfield code="7">0</subfield>
    <subfield code="8">CL</subfield>
    <subfield code="0">0</subfield>
    <subfield code="K">BA/2018/CR/0001490</subfield>
    <subfield code="a">ML</subfield>
    <subfield code="b">ML</subfield>
    <subfield code="c">CL</subfield>
    <subfield code="d">2018-09-07</subfield>
    <subfield code="e">Allied</subfield>
    <subfield code="g">1399.00</subfield>
    <subfield code="E">EE</subfield>
    <subfield code="G">RS</subfield>
    <subfield code="F">1</subfield>
    <subfield code="V">349.75</subfield>
    <subfield code="U">Rupees</subfield>
  </datafield>
</record>
